| 000 | 01935nam a2200337 a 4500 | ||
|---|---|---|---|
| 001 | BRCA_3193 | ||
| 005 | 20190320204145.0 | ||
| 008 | 180209s1719----enka---###---#000-0#eng-u | ||
| 041 | _aeng | ||
| 044 | _aenk | ||
| 084 |
_a494 _b.K537 _c1719 |
||
| 100 | 1 |
_aCervantes Saavedra, Miguel de _d1547-1616 _9213 |
|
| 245 | 1 | 0 |
_aThe History of the Renowned Don Quixote de la Mancha _cWritten in Spanish by Miguel de Cervantes Saavedra. |
| 250 | _a4 | ||
| 260 |
_aLondres _bKnaplock _c1719 |
||
| 300 |
_a4 v. _bil. _c30 cm. |
||
| 500 | _aContenido : v 1. Primera parte. Advertencia del traductor. Noticia biográfica sobre Cervantes. Prólogo del autor. Texto. -- v 2. Texto. -- v 3. Segunda parte. Prólogo del autor. Texto. -- v 4. Texto | ||
| 500 | _aEdición : In 4 Volumes. Translated by Several Hands and Publicated by Peter Motteux. Adorned With New Sculptures. The Fourth Edition Carefully Revised and Compared With the Best Editions of the Original. Printed at Madrid by J. Ozell. NUllum Magnun Ingenium Sine Mixtura Dementiae | ||
| 500 | _aCuarta edición de la traducción de Motteux, revisada y corregida por J. Ozell en vista de la edición príncipe de Madrid. En efecto, Ozell enmendó varios pasajes y restableció algunos trozos omitidos por Motteux, pero su trabajo es incompleto, pues quedaron muchas cláusulas sin corregir. También omite las dedicatorias cervantinas. Piel Lúdovik Osterc | ||
| 500 | _aEstado físico : El volumen 1 presenta guarda desprendida | ||
| 500 | _aQM405 | ||
| 546 | _aTexto en : inglés | ||
| 650 | 1 | 4 |
_aNovela española _yÉpoca clásica, 1500-1700 _9215 |
| 650 | 1 | 4 |
_aLiteratura española _yÉpoca clásica, 1500-1700 _9216 |
| 650 | 1 | 4 |
_aNovela española _ySiglo XVII _9217 |
| 650 | 1 | 4 |
_aDon Quijote (Personaje ficticio) _eNovela _9218 |
| 700 | 1 |
_aOzell, John _d?-1743 _eAnotador _98564 |
|
| 740 | 0 | _aEl Ingenioso Hidalgo Don Quijote de la Mancha | |
| 902 | _aQFM | ||
| 942 |
_2lcc _cB |
||
| 999 |
_c2929 _d2929 |
||